DAX - Unternehmen - Statistiken

Allgemein
  • Dieses Quiz wurde 49 mal gespielt
  • Das Durchschnittsergebnis liegt bei 15 aus 40
Antwortstatistiken
Unternehmen % Korrekt
Volkswagen
95%
BMW
93%
Porsche Automobil
78%
Mercedes-Benz Group
76%
Siemens
76%
Allianz
71%
Bayer
71%
Commerzbank
71%
Deutsche Bank
71%
SAP
71%
Deutsche Telekom
68%
BASF
63%
Rheinmetall
46%
DHL Group
44%
adidas
39%
Fresenius
37%
RWE
37%
Zalando
37%
E.ON
34%
Continental
32%
Beiersdorf
29%
Merck
24%
Münchener Rückversicherungsgesellschaft
24%
Airbus
22%
Daimler Truck
22%
Hannover Rück
22%
Heidelberg Materials
22%
Vonovia
22%
Deutsche Börse
20%
Henkel
17%
Infineon
15%
Scout24
15%
Brenntag
12%
Fresenius Medical Care
12%
MTU Aero Engines
12%
Siemens Energy
12%
GEA
10%
Siemens Healthineers
10%
QIAGEN
7%
Symrise
7%
Keine übereinstimmenden Quizze gefunden
Verteilung der Resultate
Anzahl Personen mit jedem Resultat
Perzentil nach korrekt beantworteten Fragen
Ihre Resultats-Entwicklung
Sie haben dieses Quiz noch nicht gespielt